Statistics for July 26th: Birthdays

Click here to take the quiz!

General Stats

  • This quiz has been taken 3 times
  • The average score is 6 of 16

Answer Stats

YearClueAnswer% Correct
1945Actress in The QueenHelen Mirren
100%
1943Part of band Rolling StonesMick Jagger
100%
1964Actress in SpeedSandra Bullock
100%
1875Founded analytic psychologyCarl Jung
67%
1980Prime Minister of New ZealandJacinda Ardern
67%
1959Actor in House of CardsKevin Spacey
67%
1908President of ChileSalvador Allende
67%
1939Prime Minister of Australia
John Howard
33%
1928Director of LolitaStanley Kubrick
33%
1894Wrote IslandAldous Huxley
0%
1956Olympic gold 1976Dorothy Hamill
0%
1739US Vice PresidentGeorge Clinton
0%
1856Won Nobel Prize for LiteratureGeorge Shaw
0%
1727British-American soldierHoratio Gates
0%
1967Actor in CrankJason Statham
0%
1957Australian GolferWayne Grady
0%

Score Distribution

Percentile by Number Answered

Percent of People with Each Score

Your Score History

You have not taken this quiz